| 000 | 00755nam a2200265Ia 4500 | ||
|---|---|---|---|
| 001 | 13286 | ||
| 003 | GE_BSU | ||
| 008 | 181216s||||||||xx |||||||||||||| ||und|| | ||
| 020 | _a9785459010534 | ||
| 040 | _cGE_BSU | ||
| 080 | _a615.85(075.8) | ||
| 100 | _aБурлачук,Л.Ф. Кочарян,А.С. Жидко,М.Е. | ||
| 245 | _aПсихотерапия | ||
| 245 | _bПсихологические модели | ||
| 245 | _cПод.общ.ред.Л.Ф.Бурлачука | ||
| 260 | _aМосква | ||
| 260 | _bСПБ питер | ||
| 260 | _c2012 | ||
| 300 | _a496стр.илл. | ||
| 541 | _h44л. | ||
| 653 | _aПсихология | ||
| 653 | _aПсихотерапия | ||
| 653 | _aფსიქოლოგია | ||
| 942 | _cBK | ||
| 999 |
_c46448 _d46448 |
||